Svätý Gorazd

Bibliographic Details
Main Author: Judák, Viliam, 1957- (Author)
Format: Article
Language:Slovak
Subjects:

MARC

LEADER 00000nab a2200000 a 4500
001 vtls000542481
003 SK-MaSNL
005 20260304233759.0
008 250425c1995 xo 0 slo
015 |a SNBRB19rr/mm-uuuuu 
035 |a CL0542619 
035 |a urn:nbn:sk:snk-ab1jo0 
035 |a (urnnbn)urn:nbn:sk:snk:ar-004acj 
035 |a (uuid)222e7059-e055-480a-bf10-4cae6aaa1563 
040 |a SNKBUCL  |b slo  |c SNKBUCL  |e AACR2 
041 0 |a slo 
044 |a xo  |c SK 
080 |a 235.3  |2 1981 
080 |a 929 Gorazd, svätý  |2 1981 
100 1 |a Judák, Viliam,  |d 1957-  |4 aut  |9 226448 
245 1 0 |a Svätý Gorazd  |c Viliam Judák 
600 0 7 |a Gorazd,  |c svätý,  |d činný 9. storočie  |2 snkbucl  |9 157807 
655 7 |a články z novín a časopisov  |2 snkbucl  |9 267496 
773 0 |t Historická revue  |g Roč. 6, č. 2 (1995), s. 29 
850 |a Slovenská národná knižnica 
852 |a Slovenská národná knižnica 
954 |a odborná, vedecká literatúra pôvodná (slovenská)  |2 lita 
958 |a article27 
958 |a RK 
958 |a OND 
958 |a EUIPO 
992 |a RBX 
999 |c 3200215  |d 3202145